Loading...
| Fine Arts - Other Fine Arts | 0 | 2 | 0 | 0 | 20 | 70 | 80.50 | 0 | 2 |
| Fine Arts - Visual Fine Arts | 0 | 1 | 0 | 0 | 10 | 112 | 112.00 | 0 | 1 |
| History - European History | 0 | 1 | 0 | 0 | 10 | 41 | 41.00 | 1 | 1 |
| History - Other History | 0 | 1 | 0 | 0 | 10 | 114 | 114.00 | 0 | 0 |
| Literature - American Literature | 0 | 1 | 0 | 0 | 10 | 79 | 79.00 | 0 | 0 |
| Literature - American Literature | 0 | 1 | 0 | 0 | 10 | 109 | 109.00 | 0 | 0 |
| Literature - British Literature | 0 | 1 | 0 | 0 | 10 | 129 | 129.00 | 0 | 0 |
| Literature - World/Other Literature | 0 | 1 | 0 | 0 | 10 | 123 | 123.00 | 0 | 0 |
| Mythology | 0 | 1 | 0 | 0 | 10 | 111 | 111.00 | 0 | 0 |
| Religion | 0 | 1 | 0 | 1 | 10 | 119 | 119.00 | 0 | 0 |
| Literature - European Literature | 0 | 1 | 0 | 0 | 10 | 107 | 107.00 | 0 | 0 |
| Literature - World/Other Literature | 0 | 1 | 0 | 0 | 10 | 71 | 71.00 | 0 | 1 |
| History - European History | 0 | 0 | 1 | 0 | -5 | 0.00 | 0 | 0 | |
| Science - Chemistry | 0 | 0 | 1 | 0 | -5 | 0.00 | 0 | 0 | |
| Science - Chemistry | 0 | 0 | 1 | 0 | -5 | 0.00 | 0 | 0 |